000 00366nam a2200133Ia 4500
008 240624s9999 xx 000 0 und d
041 _aeng
082 _a306.3 MAC
100 _aMACKENZIE DONALD
245 _aMATERIAL MARKETS HOW ECONOMIC AGENTS ARE
260 _c2009
_aNew York
_bOxford University press
300 _aix, : 228 : p. : cm. ; 24
365 _cBPS
_b30
999 _c12769
_d12769